[Event "TCh-HUN 2005-6"]
[Site "Hungary HUN"]
[Date "2005.12.04"]
[Round "5"]
[White "Erdos,B"]
[Black "Orso,M"]
[Result "0-1"]
[WhiteElo "1999"]
[BlackElo "2351"]

1.e4 c5 2.Nf3 e6 3.d4 cxd4 4.Nxd4 a6 5.Nc3 Qc7 6.Bd3 Nc6 7.Nb3 Nf6 8.O-O Be7
9.Be3 O-O 10.f4 d6 11.g4 d5 12.exd5 Nxd5 13.Nxd5 exd5 14.c3 Re8 15.Qf3 Na5
16.Nxa5 Qxa5 17.b4 Qc7 18.Bd4 Bd7 19.f5 Bd6 20.Qh3 f6 21.Qg2 Be5 22.Qf2 Rac8
23.Rac1 h6 24.Rfd1 Ba4 25.Rf1 Bb5 26.Bxb5 axb5 27.Rcd1 Qc4 28.h3 Bxd4 29.Qxd4 Qxd4+
30.Rxd4 Rxc3 31.Rxd5 Rxh3 32.Rf2 Re4 33.Kg2 Rh4 34.a3 Rhxg4+ 35.Kf1 Re5 36.Rd7 Rg5
37.Rxb7 Rgxf5 38.Rxf5 Rxf5+ 39.Kg2 Kh7 40.Kg3 Rd5  0-1

[Event "It"]
[Site "Dnepropetrovsk UKR"]
[Date "2005.12.07"]
[Round "1"]
[White "Rogovski,V"]
[Black "Anapolsky,S"]
[Result "1/2-1/2"]
[WhiteElo "2503"]
[BlackElo "2429"]

1.e4 c5 2.Nf3 a6 3.Nc3 e6 4.d4 cxd4 5.Nxd4 b5 6.Bd3 Qb6 7.Nf3 b4 8.Na4 Qa5
9.b3 Nc6 10.O-O Nf6 11.Nd2 d5 12.Bb2 Be7 13.c4 bxc3 14.Bxc3 Qd8 15.exd5 exd5
16.Rc1 Bd7 17.Bb1 Rc8 18.Nf3 O-O 19.Bxf6 Bxf6 20.Qxd5 Nd4 21.Nxd4 Rxc1 22.Rxc1 Bxa4
23.Qe4 g6 24.Nf3 Bb5 25.a4 Re8 26.Qf4 Be2 27.Be4 Kg7 28.h3 a5 29.Qe3 Bxf3
30.Qxf3 Qd2 31.Rd1 Qc3 32.g3 Qxf3 33.Bxf3 Bc3 34.Rd7 Bb4 35.Bd5 Re7 36.Rd8 h5
37.Bc4 Bc5 38.Rd5 Bb4 39.Kg2 Kf6 40.Rb5 Bd2 41.Rd5 Bc3 42.f4 Kg7 43.Kf3 Bb4
44.h4 Be1 45.f5 Bb4 46.Kf4 Kf6 47.Rb5 Bd2+ 48.Kf3 gxf5 49.Rb6+ Kg7 50.Rd6 Bb4
51.Rd5 Kf6 52.Rd8 Bc5 53.Rd5 Re3+ 54.Kg2 Re5 55.Rd7 Re7 56.Rd8 Re3 57.Rh8 Bd6
58.Rh6+ Ke7 59.Rxh5 Rxg3+ 60.Kf2 Kf6 61.Rh6+ Rg6 62.Rh8 Rg4 63.h5 Rf4+ 64.Kg2 Rg4+
65.Kf2 Rf4+ 66.Ke3 Re4+ 67.Kd3 Kg7 68.Rd8 Bb4 69.Rb8 Rh4 70.Rxb4 axb4 71.a5 Rxh5
72.a6 f4 73.Ke4 Ra5 74.Kxf4 Kg6 75.Bd3+ f5 76.Ke3 Kg5 77.Kd4 f4 78.Be2 Ra2
79.Bb5 f3 80.Ba4 f2 81.a7 f1=Q 82.a8=Q Qf4+ 83.Kc5 Rc2+ 84.Kb6 Qc7+ 85.Ka6 Qd6+
86.Ka5 Qe5+ 87.Ka6 Qe6+ 88.Kb5 Qe5+ 89.Ka6 Qd6+ 90.Ka5 Qc7+  1/2-1/2

[Event "5th Amplico AIG Life"]
[Site "Warsaw POL"]
[Date "2005.12.17"]
[Round "1"]
[White "Movsesian,S"]
[Black "Kowalski,L"]
[Result "1-0"]
[WhiteElo "2635"]
[BlackElo "2031"]

1.e4 c5 2.Nf3 e6 3.Nc3 a6 4.d4 cxd4 5.Nxd4 Qc7 6.g3 Nf6 7.Bg2 Be7 8.O-O Nc6
9.Kh1 O-O 10.f4 d6 11.a4 Rd8 12.Be3 d5 13.exd5 Nxd5 14.Nxd5 exd5 15.c3 Bf6
16.Qd3 Na5 17.Bg1 b6 18.h3 Bb7 19.g4 Bxd4 20.cxd4 Qd7 21.f5 Re8 22.f6 g6
23.Qd2 Qd6 24.Bh2 Nc4 25.Qg5 Qb4 26.Be5 Qd2 27.Rf4 Qb4 28.b3 Nd2 29.Qh4 Ne4
30.Rff1 Rac8 31.a5 b5 32.Rac1 Qd2 33.Rcd1 Qb4 34.Qh6 Qf8 35.Qf4 Red8 36.Rc1 Rxc1
37.Rxc1 Rc8 38.Rxc8 Qxc8 39.Kh2 g5 40.Qf1 h6 41.Qe2 Qc3 42.Qd1 Qc8 43.h4 gxh4
44.Qf3 Kh7 45.Qf4 Ng5 46.Bd6 Qe6 47.Bf1 Bc8 48.Bd3+ Ne4 49.Bf8 Qxg4 50.Qxh6+ Kg8
51.Bd6 Be6 52.Be5 Qh3+ 53.Kg1 Qg4+ 54.Kf1 h3 55.Be2 Qg2+ 56.Ke1 Nc3 57.Bf3 Qg1+
58.Kd2 Qf2+ 59.Kxc3 Qxf3+ 60.Kb4 Qg2 61.Kc5 Qg6 62.Qh4 Qg4 63.Qxg4+ Bxg4
64.Kb6 Bc8 65.Kc7 Be6 66.Kb7 Kf8 67.Kxa6 Bc8+ 68.Kxb5 Ke8 69.a6 Kd7 70.Kb6  1-0

[Event "5th Amplico AIG Life"]
[Site "Warsaw POL"]
[Date "2005.12.17"]
[Round "1"]
[White "Plicner,J"]
[Black "Heberla,B"]
[Result "0-1"]
[WhiteElo "1942"]
[BlackElo "2465"]

1.e4 c5 2.Nf3 e6 3.d4 cxd4 4.Nxd4 a6 5.Nc3 d6 6.Be3 Nd7 7.Bc4 Ngf6 8.f3 Ne5
9.Bb3 Qc7 10.Qd2 Nc4 11.Bxc4 Qxc4 12.O-O-O Be7 13.Kb1 b5 14.g4 Bb7 15.h4 Qc7
16.Nde2 Nd7 17.Ng3 Ne5 18.Qf2 Nc4 19.Bc1 Bf6 20.Nce2 Rc8 21.Nf4 Na3+ 22.Ka1 Qxc2
23.Qxc2 Nxc2+ 24.Kb1 Be7 25.Bd2 Nd4 26.Rhf1 Nc6 27.Bc3 Ne5 28.Bxe5 dxe5 29.Nd3 f6
30.g5 Kf7 31.Rc1 Rhd8  0-1

[Event "5th Amplico AIG Life"]
[Site "Warsaw POL"]
[Date "2005.12.17"]
[Round "3"]
[White "Zawadzka,J"]
[Black "Markowski,T"]
[Result "0-1"]
[WhiteElo "2381"]
[BlackElo "2582"]

1.e4 c5 2.Nf3 e6 3.d4 cxd4 4.Nxd4 a6 5.Nc3 b5 6.Bd3 d6 7.O-O Nf6 8.Qe2 Be7
9.Bd2 O-O 10.a4 b4 11.Na2 Qb6 12.Nb3 Nc6 13.Rac1 e5 14.Be3 Qb7 15.Nd2 Be6
16.b3 d5 17.exd5 Nxd5 18.Ne4 Nxe3 19.Qxe3 Qa7 20.Qg3 h6 21.Rfe1 Rad8 22.Nd2 Bg5
23.Rcd1 a5 24.Qf3 Nd4 25.Qe4 Bf5 26.Qxe5 Bxd3 27.cxd3 Bxd2 28.Rxd2 Nxb3 29.Rc2 Qd4
30.Qh5 Qxd3 31.Rce2 Qd5 32.Re5 Qd2 33.R5e2 Qf4 34.g3 Qf6 35.Re3 Nd4 36.Rc1 Qb6
37.Rb1 Rfe8 38.Rxe8+ Rxe8 39.Qg4 Qc5 40.Rd1 Ne2+ 41.Kf1 Qc6 42.f3 b3  0-1

[Event "5th Amplico AIG Life"]
[Site "Warsaw POL"]
[Date "2005.12.17"]
[Round "7"]
[White "Zawadzki,S"]
[Black "Markowski,T"]
[Result "0-1"]
[WhiteElo "2404"]
[BlackElo "2582"]

1.e4 c5 2.Nf3 e6 3.d4 cxd4 4.Nxd4 a6 5.Nc3 b5 6.Bd3 d6 7.O-O b4 8.a4 Qb6
9.Na2 Nf6 10.Qe2 Be7 11.Bd2 O-O 12.Nb3 Nc6 13.a5 Qb7 14.f4 Nd7 15.Nac1 Bf6
16.c3 bxc3 17.bxc3 g6 18.Bc4 Re8 19.Qf2 Qc7 20.Ra4 Bb7 21.Nd3 Ne7 22.e5 Bg7
23.exd6 Qxd6 24.Nbc5 Nxc5 25.Nxc5 Bc6 26.Rb4 Nd5 27.Rb3 Qd8 28.Bxa6 Qxa5
29.c4 Nc3 30.Bb5 Bxb5 31.cxb5 Bd4 32.Qxd4 Ne2+ 33.Kf2 Nxd4 34.Bxa5 Rxa5 35.Rb2 Rxb5
36.Rxb5 Nxb5 37.Rb1 Nc3 38.Rb7 Nd5 39.Ne4 Ra8 40.Ng5 Rf8 41.g3 h6 42.Nf3 Rc8
43.Ne5 Rc7 44.Rb2 Kg7 45.Ra2 g5 46.fxg5 hxg5 47.h3 f6 48.Nf3 Rc4 49.Re2 Kf7
50.Kf1 Ra4 51.Kf2 Nc3 52.Rc2 Ne4+ 53.Kg2 Kg6 54.Re2 Kf7 55.Rc2 Ra3 56.Re2 Ra4
57.Rc2 Ke7 58.Rb2 e5 59.Re2 Ke6 60.Nh2 Rb4 61.Rc2 Rb3 62.Nf3 Nxg3 63.Rc6+ Ke7
64.Rc4 Nf5  0-1

[Event "5th Amplico AIG Life"]
[Site "Warsaw POL"]
[Date "2005.12.17"]
[Round "8"]
[White "Gajewski,G"]
[Black "Bartel,Mi"]
[Result "1-0"]
[WhiteElo "2461"]
[BlackElo "2230"]

1.Nf3 c5 2.e4 e6 3.Nc3 a6 4.d4 cxd4 5.Nxd4 Qc7 6.Be2 b6 7.O-O d6 8.f4 Nf6
9.Bf3 Bb7 10.Kh1 Nbd7 11.g4 h6 12.Qe2 g6 13.Bg2 e5 14.Nd5 Nxd5 15.exd5 Bg7
16.Nc6 O-O 17.f5 Nf6 18.c4 Bxc6 19.dxc6 e4 20.g5 hxg5 21.Bxg5 Qxc6 22.Qg4 Qxc4
23.Bxe4 Qa4 24.Rac1 Qe8 25.b3 Rd8 26.Kg2 Qe6 27.Qh4 Rd7 28.Bc6  1-0

[Event "5th Amplico AIG Life"]
[Site "Warsaw POL"]
[Date "2005.12.18"]
[Round "11"]
[White "Stoma,P"]
[Black "Papin,V"]
[Result "0-1"]
[WhiteElo "2298"]
[BlackElo "2425"]

1.e4 c5 2.Nf3 e6 3.Nc3 a6 4.d4 cxd4 5.Nxd4 b5 6.Bd3 Qb6 7.Nf3 Nc6 8.O-O Qb8
9.Re1 d6 10.Bf4 Nf6 11.h3 Nd7 12.a4 b4 13.Ne2 Be7 14.Rc1 Nce5 15.Nxe5 Nxe5
16.Nd4 Bd7 17.Bg3 Bxa4 18.Bf1 Bd7 19.f4 Nc6 20.c3 bxc3 21.Nxc6 Bxc6 22.Rxc3 Qb7
23.Rb3 Qd7 24.Qd4 O-O 25.Rc1 Rfc8 26.Bf2 g6 27.Be1 Ba4 28.Bc3 e5 29.fxe5 Bxb3
30.exd6 f6 31.e5 Bf8 32.Be2 fxe5 33.Qxe5 Bg7  0-1

[Event "5th Amplico AIG Life"]
[Site "Warsaw POL"]
[Date "2005.12.18"]
[Round "13"]
[White "Zhigalko,A"]
[Black "Grabarczyk,B"]
[Result "1-0"]
[WhiteElo "2537"]
[BlackElo "2472"]

1.e4 c5 2.Nf3 e6 3.d4 cxd4 4.Nxd4 a6 5.Nc3 d6 6.g4 Ne7 7.Be3 Nbc6 8.Nb3 b5
9.Qe2 Bb7 10.O-O-O Qc7 11.Kb1 Na5 12.Bc1 Qb6 13.a4 Nc4 14.f4 Qa5 15.Rd4 Qxc3
16.h4 Rd8 17.Qe1 bxa4 18.Bd3 Bd5 19.g5 e5 20.Qe3 Rc8 21.Bxc4 f6 22.gxf6 gxf6  1-0

[Event "Sekkat mem"]
[Site "Casablanca MAR"]
[Date "2005.12.19"]
[Round "2"]
[White "Sarwat,W"]
[Black "Korneev,O"]
[Result "0-1"]
[WhiteElo "2398"]
[BlackElo "2601"]

1.e4 c5 2.Nf3 e6 3.Nc3 a6 4.d4 cxd4 5.Nxd4 Qc7 6.a4 Nf6 7.Bd3 Nc6 8.Nde2 d6
9.O-O Be7 10.f4 b6 11.Qe1 Bb7 12.Qg3 g6 13.Be3 Nb4 14.Bd4 O-O 15.Kh1 Rab8
16.Qh3 e5 17.fxe5 dxe5 18.Qg3 Nd7 19.Be3 Bf6 20.Bh6 Bg7 21.Bxg7 Kxg7 22.Rf2 Nc5
23.Raf1 Qe7 24.Ng1 Rbd8 25.Rf3 f6 26.Nh3 Bc6 27.Nf2 Nbxd3 28.cxd3 Nb3 29.Re3 Nd4
30.Qh4 g5 31.Qh3 Bd7 32.Ng4 h5 33.Nd5 hxg4  0-1

[Event "Open"]
[Site "Erandio ESP"]
[Date "2005.12.19"]
[Round "5"]
[White "Rizouk,A"]
[Black "Epishin,V"]
[Result "1/2-1/2"]
[WhiteElo "2499"]
[BlackElo "2574"]

1.e4 c5 2.Nf3 e6 3.d4 cxd4 4.Nxd4 a6 5.Nc3 b5 6.Bd3 Qb6 7.Nf3 Qc7 8.O-O Bb7
9.Re1 Be7 10.e5 f5 11.Nh4 g6 12.Nf3 Nc6 13.a4 b4 14.Nb1 Nd8 15.Nbd2 Nf7 16.Nc4 Bc5
17.Ng5 Ngh6 18.Nxf7 Nxf7 19.Be3 Bd5 20.Bxc5 Qxc5 21.Qe2 O-O 22.b3 a5 23.Qe3 Qxe3
24.Rxe3  1/2-1/2

[Event "Sekkat mem"]
[Site "Casablanca MAR"]
[Date "2005.12.21"]
[Round "5"]
[White "Tissir,M"]
[Black "Landa,K"]
[Result "1/2-1/2"]
[WhiteElo "2449"]
[BlackElo "2600"]

1.e4 c5 2.Nc3 e6 3.Nf3 a6 4.d4 cxd4 5.Nxd4 Qc7 6.Bd3 Nf6 7.O-O Nc6 8.Nxc6 dxc6
9.f4 e5 10.f5 Bc5+ 11.Kh1 b5 12.a4 b4 13.Nb1 h5 14.Nd2 Ng4 15.Qe2 Qa7 16.h3 a5
17.Nf3 Bb7 18.Bc4 Ba6 19.g3  1/2-1/2

[Event "IV Memorial Pereyra Puebla"]
[Site "Mendoza ARG"]
[Date "2005.12.21"]
[Round "8"]
[White "Rosito,J"]
[Black "Hellsten,J"]
[Result "1/2-1/2"]
[WhiteElo "2416"]
[BlackElo "2574"]

1.e4 c5 2.Nf3 e6 3.d4 cxd4 4.Nxd4 a6 5.Nc3 Qc7 6.Be2 b5 7.O-O Bb7 8.Re1 Nc6
9.Nxc6 dxc6 10.e5 Rd8 11.Bd3 c5 12.Qh5 g6 13.Qh3 Bg7 14.Bg5 Ne7 15.Be4 Rd4
16.Bxb7 Qxb7 17.f3 h6 18.Be3 Rc4 19.Ne4 Bxe5 20.c3 Nd5 21.b3 Rxc3 22.Nxc3 Bxc3
23.Bxc5 Bxa1 24.Rxa1 Qc7 25.b4 Qe5 26.Rd1 Qe2 27.Ra1 Qe5 28.Rd1 Qe2 29.Ra1 Nf4
30.Qg3 Qe5 31.Re1 Qg5 32.Bd4 O-O 33.Qxg5 hxg5 34.Bf6 Nd5 35.Bxg5 Nxb4 36.Be7 Nd3
37.Rd1 Re8 38.Rxd3 Rxe7 39.Rd8+ Kg7 40.Ra8 Rc7 41.Rxa6 Rc2 42.Rb6  1/2-1/2

[Event "21st Winter Open"]
[Site "Nice FRA"]
[Date "2005.12.26"]
[Round "1"]
[White "Choisy,M"]
[Black "Sulava,N"]
[Result "0-1"]
[WhiteElo "2125"]
[BlackElo "2493"]

1.e4 c5 2.Nf3 e6 3.d4 cxd4 4.Nxd4 a6 5.Nc3 b5 6.Be3 Bb7 7.a3 d6 8.Qd2 Nf6
9.f3 Nbd7 10.g4 Nb6 11.O-O-O Rc8 12.Kb1 Be7 13.Qf2 Nfd7 14.h4 Rxc3 15.bxc3 Na4
16.Bd2 Qb6 17.Rh2 O-O 18.Ka2 d5 19.Qe3 Qd6 20.Bc1 Qxh2  0-1

[Event "Open A"]
[Site "Bethune FRA"]
[Date "2005.12.27"]
[Round "3"]
[White "Gruca,M"]
[Black "Bosch,Jo"]
[Result "1/2-1/2"]
[WhiteElo "2202"]
[BlackElo "2060"]

1.e4 c5 2.Nf3 e6 3.d4 cxd4 4.Nxd4 a6 5.Nc3 Qc7 6.Be3 Bb4 7.Qd2 Nf6 8.f3 d5
9.a3 Bxc3 10.bxc3 dxe4 11.c4 Nbd7 12.Be2 b6 13.f4 h5 14.h3 Nc5 15.Rb1 Rb8
16.O-O O-O 17.Qe1 Nb7 18.Nb3 Nd6 19.Bd4 Nfe8 20.Qc3 f6 21.Nd2 h4 22.Rb3 Bd7
23.c5 Nb5 24.Bxb5 Bxb5 25.Rfb1 bxc5 26.Qxc5 Rd8 27.c4 Ba4 28.R3b2 Qxf4 29.Be3 Qd6
30.Nxe4 Qxc5 31.Nxc5 Rd1+ 32.Rxd1 Bxd1 33.Nxe6 Rf7 34.Bc5 Rd7 35.Rb6 Be2
36.Rxa6 Bxc4 37.Rb6 Nc7 38.Nf4 Kf7 39.Rd6 Rxd6 40.Bxd6 Nd5 41.Nxd5 Bxd5 42.a4 Ke6
43.Bc5 Kf5 44.a5 Bb7 45.Kf2 g5 46.g3  1/2-1/2

[Event "Open A"]
[Site "Bethune FRA"]
[Date "2005.12.28"]
[Round "5"]
[White "Simon,O"]
[Black "Zhang,T"]
[Result "1-0"]
[WhiteElo "2315"]
[BlackElo "2163"]

1.e4 c5 2.Nf3 e6 3.Nc3 a6 4.d4 cxd4 5.Nxd4 Qc7 6.Bd3 Nc6 7.Nxc6 dxc6 8.O-O e5
9.f4 Nf6 10.Kh1 Bd6 11.f5 b5 12.a4 b4 13.Nb1 a5 14.Qe2 Nd7 15.Nd2 Nb6 16.f6 g6
17.b3 Bb7 18.Bb2 O-O-O 19.c3 Kb8 20.Nf3 Rhe8 21.Rac1 bxc3 22.Bxc3 Nd5 23.exd5 e4
24.Nd4 exd3 25.Qxd3 Bf4 26.Rce1 Be5 27.Ne6 Rxd5 28.Qxd5 Bxc3 29.Nxc7 Rxe1
30.Qd8+  1-0

[Event "14th Donau Open"]
[Site "Aschach AUT"]
[Date "2005.12.29"]
[Round "5"]
[White "Pirker,G"]
[Black "Orel,O"]
[Result "1/2-1/2"]
[WhiteElo "2097"]
[BlackElo "2315"]

1.e4 c5 2.Nf3 e6 3.Nc3 a6 4.d4 cxd4 5.Nxd4 d6 6.Be2 Nf6 7.O-O Be7 8.a4 b6
9.f4 Bb7 10.Bf3 e5 11.Nf5 O-O 12.Be3 Nc6 13.Nxe7+ Qxe7 14.f5 Qc7 15.g4 Nd4
16.Bxd4 exd4 17.Qxd4 h6 18.Rad1 Rad8 19.Rd2 Rfe8 20.h4 d5 21.Nxd5 Bxd5 22.exd5 Qg3+
23.Rg2 Qxh4 24.Qxb6 Nxd5 25.Bxd5 Rxd5 26.Qxa6 Rd4 27.Qc6 Ree4 28.g5 hxg5
29.Qa8+ Kh7 30.Rh2 Rg4+ 31.Kh1 Rd2 32.Qb8 Rxc2 33.Ra1 Rxh2+ 34.Qxh2 Rb4 35.Ra2 Kg8
36.Qxh4 Rxh4+ 37.Kg2 Kf8 38.a5 Ke7 39.a6 Rh8 40.Kf3 Kd6 41.a7 Ra8 42.Kg4 Kc6
43.Kxg5 Kb6 44.Ra1 Rxa7 45.Rh1 Ra5 46.Rh7 g6 47.Rxf7 Rxf5+  1/2-1/2

[Event "Open A"]
[Site "Bethune FRA"]
[Date "2005.12.29"]
[Round "7"]
[White "Draoui,N"]
[Black "Bouhallel,R"]
[Result "1-0"]
[WhiteElo "2368"]
[BlackElo "2314"]

1.e4 c5 2.Nf3 e6 3.d4 cxd4 4.Nxd4 a6 5.Nc3 Qc7 6.Bd3 Nf6 7.Qe2 d6 8.O-O Be7
9.f4 Nbd7 10.Kh1 O-O 11.Bd2 g6 12.Rae1 Nc5 13.f5 Bd7 14.Bh6 Rfe8 15.Qf3 Kh8
16.Bg5 Rf8 17.Qh3 Qd8 18.Qh4 e5 19.Nb3 Nxd3 20.cxd3 gxf5 21.exf5 Bc6 22.Ne4 Bxe4
23.dxe4 Rg8 24.Rf3 Rxg5 25.Qxg5 Nxe4 26.Qh5 d5  1-0

[Event "Czech Chess Christmas"]
[Site "Litomysl CZE"]
[Date "2005.12.31"]
[Round "8"]
[White "Manik,M"]
[Black "Bernasek,J"]
[Result "1/2-1/2"]
[WhiteElo "2474"]
[BlackElo "2440"]

1.e4 c5 2.Nf3 e6 3.d4 cxd4 4.Nxd4 a6 5.Nc3 b5 6.Bd3 d6 7.O-O Nf6 8.Qe2 Be7
9.a4 b4 10.Na2 Qb6 11.Be3 Qb7 12.c3 e5 13.Nf5 Bxf5 14.exf5 bxc3 15.bxc3 O-O
16.Bg5 Nbd7 17.Rab1 Qc8 18.c4 Nd5 19.Bd2 N5f6 20.g4 h6 21.Nc3 Nc5 22.Bc2 Rb8
23.f4 Rxb1 24.Rxb1 Nh7 25.Nd5 Re8 26.fxe5 Bf6 27.e6 fxe6 28.fxe6 Qxe6 29.Qxe6+ Nxe6
30.Nxf6+ Nxf6 31.Rb6 Nc5 32.Rxd6 Nce4 33.Bxe4  1/2-1/2

[Event "8th Hilton Schachfestival"]
[Site "Basel SUI"]
[Date "2006.01.01"]
[Round "1"]
[White "Jud,M"]
[Black "Izsak,Gyu"]
[Result "0-1"]
[WhiteElo "2069"]
[BlackElo "2431"]

1.e4 c5 2.Nf3 e6 3.d4 cxd4 4.Nxd4 a6 5.Nc3 Qc7 6.Be2 Nf6 7.f3 Bb4 8.Qd3 Nc6
9.Nxc6 bxc6 10.O-O d5 11.exd5 cxd5 12.a3 Bd6 13.f4 O-O 14.Be3 Bb7 15.Bf3 Rfd8
16.Qd2 Rac8 17.Qf2 Bxf4 18.Bb6 Bxh2+ 19.Kh1 Qf4 20.Bxd8 Bg3 21.Qxg3 Qxg3
22.Bxf6 gxf6 23.Rad1 Rc4 24.Rd3 Rh4+ 25.Kg1 Qh2+ 26.Kf2 Qc7 27.Rfd1 f5 28.b3 Qc5+
29.Kg3 Rh6 30.Ne2 e5 31.Bxd5  0-1

[Event "8th Hilton Schachfestival"]
[Site "Basel SUI"]
[Date "2006.01.02"]
[Round "2"]
[White "Bjarnason,O"]
[Black "Djuric,S"]
[Result "0-1"]
[WhiteElo "2255"]
[BlackElo "2460"]

1.e4 c5 2.Nf3 a6 3.Nc3 e6 4.d4 cxd4 5.Nxd4 Qc7 6.g3 Bb4 7.Bd2 Nc6 8.Nb3 Nf6
9.Bg2 O-O 10.O-O Be7 11.f4 d6 12.a4 Rb8 13.g4 d5 14.exd5 Nb4 15.dxe6 Bxe6
16.f5 Bc4 17.g5 Qb6+ 18.Kh1 Bxf1 19.Qxf1 Ng4 20.a5 Qc7 21.Qf4 Qxf4 22.Bxf4 Nxc2
23.Nd5 Bxg5 24.Bxg5 Nxa1 25.Nxa1 Rfe8 26.Bf3 Re1+ 27.Kg2 Ne5 28.Nc2 Rg1+
29.Kxg1 Nxf3+ 30.Kf2 Nxg5  0-1

[Event "Masters"]
[Site "Hastings ENG"]
[Date "2006.01.02"]
[Round "6"]
[White "Snowden,J"]
[Black "Straub,P"]
[Result "0-1"]
[WhiteElo "1975"]
[BlackElo "2081"]

1.e4 c5 2.Nf3 e6 3.d4 cxd4 4.Nxd4 a6 5.Nc3 Qc7 6.Bd3 Nc6 7.Nb3 Nf6 8.O-O Be7
9.f4 d6 10.Be3 b5 11.g4 h5 12.g5 Ng4 13.Bd2 Qb6+ 14.Kg2 Ne3+ 15.Bxe3 Qxe3
16.Rf3 Qb6 17.a4 b4 18.Ne2 e5 19.Qd2 exf4 20.Qxf4 Ne5 21.Rf2 h4 22.Nd2 Be6
23.Ng1 h3+ 24.Kh1 Bxg5 25.Qxg5 Qxf2 26.Qxg7 Ng4 27.Qxh8+ Kd7 28.Qxh3 Qxd2
29.Rf1 Nf2+ 30.Rxf2 Qxf2 31.Qh5 Rg8 32.Bb5+ axb5 33.Qxb5+ Ke7  0-1

[Event "10th Open"]
[Site "Bad Zwesten GER"]
[Date "2006.01.03"]
[Round "3"]
[White "Philippe,C"]
[Black "Zunker,R"]
[Result "1-0"]
[WhiteElo "2384"]
[BlackElo "2188"]

1.e4 c5 2.Nf3 e6 3.d4 cxd4 4.Nxd4 a6 5.Nc3 Qc7 6.Be2 Nf6 7.O-O d6 8.f4 Be7
9.a4 b6 10.Be3 Bb7 11.Bf3 Nbd7 12.Qe1 g6 13.Rd1 O-O 14.Qg3 Nc5 15.e5 Nfe4
16.Nxe4 Nxe4 17.Qh3 Qc8 18.Rd3 Rb8 19.Rfd1 dxe5 20.fxe5 Nc5 21.Rc3 Bxf3 22.Qxf3 Qb7
23.Nc6 Nxa4 24.Rcd3 Nc5 25.Rd7 Nxd7 26.Nxe7+ Kg7 27.Qf4 f6 28.Qh6+ Kh8 29.Nxg6+ Kg8
30.Rd4 Nxe5 31.Nxe5 fxe5 32.Qxe6+ Kh8 33.Qxe5+ Qg7 34.Qxg7+ Kxg7 35.Rd6 Kf7
36.Bxb6 Rbe8 37.Rd7+ Kg6 38.h4 Re1+ 39.Kh2 Re2 40.Rc7 Rf6 41.Ba7 Rd6 42.Kh3 h5
43.Rc5 Rdd2 44.Rg5+ Kh6 45.Bc5 Rxc2 46.Bf8+ Kh7 47.Ba3 Kh6 48.Bf8+ Kh7 49.Rg7+ Kh8
50.Rg5 Kh7 51.Bd6 Re3+ 52.g3 Kh6 53.Bf8+ Kh7 54.Rxh5+ Kg8 55.Bc5 Rd3 56.b4 Rc4
57.Rg5+ Kh7 58.Re5 Rcc3 59.Rh5+ Kg6 60.Rg5+ Kh7 61.h5 Rc4 62.Rf5 Rcc3 63.Rg5 Rc4
64.Re5 Rcc3 65.Bf2 Rc4 66.Re7+ Kh6 67.Be3+ Rxe3 68.Rxe3 Kxh5 69.Re5+ Kg6
70.Re6+ Kg7 71.Rb6 Rd4 72.g4 Rc4 73.Kh4 Rd4 74.Kh5 Rd5+ 75.g5 Rb5 76.Rxb5 axb5
77.Kg4 Kg6 78.Kf4 Kf7 79.Ke5 Kg6 80.Kd5 Kxg5 81.Kc5 Kf6 82.Kxb5 Ke7 83.Kc6 Kd8
84.Kb7 Kd7 85.b5 Kd6 86.b6 Kd7 87.Ka7 Kc6 88.b7 Kc5 89.b8=Q Kc6 90.Qb4 Kd5
91.Qc3 Kd6 92.Qd3+ Ke6 93.Qe2+ Kf7 94.Qe3 Kf6 95.Qe4 Kg5 96.Qf3 Kg6 97.Qf4  1-0

[Event "8th Hilton Schachfestival"]
[Site "Basel SUI"]
[Date "2006.01.03"]
[Round "3"]
[White "Hernandez Penna,S"]
[Black "Milosevic,Go"]
[Result "0-1"]
[WhiteElo "2158"]
[BlackElo "2403"]

1.e4 c5 2.Nf3 e6 3.d4 cxd4 4.Nxd4 a6 5.Nc3 Qc7 6.Bd3 Nf6 7.O-O Nc6 8.Nxc6 dxc6
9.Be3 e5 10.f3 Be6 11.Qe2 Be7 12.Kh1 Bd6 13.Qf2 O-O 14.g4 Nd7 15.Ne2 c5 16.Ng3 c4
17.Be2 Bc5 18.Nh5 Rad8 19.Rad1 Bxe3 20.Qxe3 f6 21.Rg1 Qc5 22.Qc1 Nb6 23.Rxd8 Rxd8
24.g5 f5 25.g6 h6 26.Nf6+ Kf8 27.Nh5 f4 28.Qe1 Rd7 29.Qh4 Qe7 30.Qf2 Nc8
31.b3 Rd2 32.Qe1 Rxc2 33.Bxc4 Bxc4 34.bxc4 Rxa2 35.Qb1 Rf2 36.Qe1 Rxf3 37.Qe2 Rc3
38.Qg4 Rxc4 39.Qf5+ Kg8 40.Rd1 Rc7 41.Nxf4 exf4 42.Qd5+ Kf8 43.Qf5+ Ke8 44.Qd5 Kf8
45.Qf5+ Qf6 46.Qa5 b6 47.Qb4+ Rc5 48.e5 Qc6+ 49.Kg1 Qxg6+ 50.Kf1 Kg8  0-1

[Event "8th Hilton Schachfestival"]
[Site "Basel SUI"]
[Date "2006.01.04"]
[Round "4"]
[White "Zozulia,A"]
[Black "Haenggi,Mark"]
[Result "1-0"]
[WhiteElo "2366"]
[BlackElo "2051"]

1.e4 c5 2.Nf3 e6 3.d4 cxd4 4.Nxd4 a6 5.Nc3 b5 6.Bd3 Bb7 7.O-O Qc7 8.Qe2 Nf6
9.a3 d6 10.f4 Nbd7 11.Kh1 h5 12.Bd2 h4 13.Nd1 Nc5 14.Nf2 h3 15.gxh3 d5 16.e5 Nfe4
17.Be3 O-O-O 18.b4 Nxf2+ 19.Bxf2 Ne4 20.Be1 f6 21.Nxe6 Nc3 22.Bxc3 Qxc3 23.Nxd8 Kxd8
24.Rae1 Qxa3 25.exf6 Bxb4 26.fxg7 d4+ 27.Be4 Re8 28.Bxb7 Bxe1 29.Qxe8+  1-0

[Event "12th Open A"]
[Site "Bosnjaci CRO"]
[Date "2006.01.04"]
[Round "3"]
[White "Predojevic,B"]
[Black "Zivkovic,Vj"]
[Result "1-0"]
[WhiteElo "2558"]
[BlackElo "2414"]

1.e4 c5 2.Nf3 e6 3.Nc3 a6 4.d4 cxd4 5.Nxd4 d6 6.Be2 Nf6 7.O-O Be7 8.f4 Qc7
9.Be3 Nc6 10.a4 O-O 11.Kh1 Re8 12.Bd3 Bd7 13.Qf3 Nb4 14.a5 Rac8 15.Qg3 Nh5
16.Qh3 Nf6 17.Rf3 Nxd3 18.cxd3 b5 19.axb6 Qxb6 20.Rf2 Qb7 21.Raf1 Qc7 22.g4 g6
23.f5 exf5 24.Nxf5 gxf5 25.gxf5 Bc6 26.Qh6 Kh8 27.Bd4 Qd8 28.Rg1 Rg8 29.Rfg2  1-0

[Event "8th Hilton Schachfestival"]
[Site "Basel SUI"]
[Date "2006.01.05"]
[Round "5"]
[White "Vajda,Al1"]
[Black "Milosevic,Go"]
[Result "1-0"]
[WhiteElo "2439"]
[BlackElo "2403"]

1.e4 c5 2.Nf3 e6 3.d4 cxd4 4.Nxd4 a6 5.Nc3 Qc7 6.Bd3 Nf6 7.O-O Nc6 8.Be3 b5
9.Nxc6 dxc6 10.a4 Rb8 11.f4 b4 12.Nb1 Be7 13.Nd2 O-O 14.Qe2 a5 15.Kh1 c5
16.Bf2 Bb7 17.Bg3 Nd7 18.Nc4 Ra8 19.Rae1 Rfe8 20.b3 Bf8 21.Qg4 Qc6 22.Qh3 f6
23.Be2 Nb6 24.Ne3 Ba6 25.Bxa6 Rxa6 26.Ng4 Ra7 27.Bh4 Rf7 28.Bf2 Rd7 29.Be3 c4
30.Qh5 Ra8 31.Bxb6 Qxb6 32.Ne3 cxb3 33.cxb3 Rd3 34.Rf3 Qd4 35.e5 Rc8 36.Qh3 f5
37.Nc4 Rd1 38.Rff1 Rxe1 39.Rxe1 Qxf4 40.Qd3 Qf2 41.Rd1 Qa7 42.Qd7 Qxd7 43.Rxd7 g5
44.g3 Rc5 45.Kg2 g4 46.Kf2 Bg7 47.Re7 Bxe5 48.Rxe6 Bd4+ 49.Ke2 h5 50.Ra6 Kf7
51.Rxa5 Rxa5 52.Nxa5 Ke6 53.Nc4 Bg1 54.a5 Kd5 55.Kd3 Ba7 56.Ne3+ Ke5 57.Ng2 Kd6
58.Nf4 Bg1 59.Nxh5 Bxh2 60.Ke3 Bg1+ 61.Kf4 Kd5 62.Kxf5 Ba7 63.Nf4+ Kd4 64.Kxg4 Kc3
65.Kf5 Kxb3 66.Nd3 Kc4 67.Ke4 b3 68.g4 Bc5 69.g5 Kb5 70.a6 b2 71.Nxb2 Kxa6  1-0

[Event "TCh-BEL 2005-6"]
[Site "Belgium BEL"]
[Date "2006.01.08"]
[Round "6"]
[White "Gengler,P"]
[Black "Drabke,L"]
[Result "1/2-1/2"]
[WhiteElo "2180"]
[BlackElo "2405"]

1.e4 c5 2.Nf3 e6 3.d4 cxd4 4.Nxd4 a6 5.Nc3 b5 6.Bd3 Qb6 7.Nb3 Qc7 8.O-O Nf6
9.Qe2 d6 10.f4 Nc6 11.Bd2 b4 12.Nb1 Be7 13.a3 Qb8 14.axb4 Nxb4 15.Bxb4 Qxb4
16.Nc3 O-O 17.Bb5 Bd7 18.Bxa6 Bc6 19.Bd3 Nd7 20.Bb5 Bf6  1/2-1/2

[Event "Keres Mem Rapid Women"]
[Site "Tallinn EST"]
[Date "2006.01.08"]
[Round "6"]
[White "Berzina,I"]
[Black "Golubenko,Valen"]
[Result "1/2-1/2"]
[WhiteElo "2280"]
[BlackElo "2148"]

1.e4 c5 2.Nf3 e6 3.d4 cxd4 4.Nxd4 a6 5.Nc3 Qc7 6.g3 Nc6 7.Bg2 Nf6 8.Be3 Be7
9.O-O O-O 10.a4 Na5 11.h3 Rd8 12.f4 Nc4 13.Bc1 Qb6 14.b3 Na5 15.Kh2 d6 16.Be3 Qc7
17.Nde2 Bd7 18.Qe1 Rab8 19.Qf2 Bc8 20.Ng1  1/2-1/2

[Event "4th I.Platonov Mem"]
[Site "Kyiv UKR"]
[Date "2006.01.10"]
[Round "3"]
[White "Moliboga,V"]
[Black "Lutsko,I"]
[Result "0-1"]
[WhiteElo "2322"]
[BlackElo "2487"]

1.e4 c5 2.Nf3 e6 3.d4 cxd4 4.Nxd4 a6 5.Nc3 Qc7 6.Be3 Bb4 7.Ne2 Nf6 8.a3 Be7
9.Qd2 Nc6 10.O-O-O b5 11.Nd5 exd5 12.exd5 Na5 13.Qd3 d6 14.Kb1 O-O 15.h3 Nc4
16.Bc1 Bb7  0-1

[Event "Winter Invitational"]
[Site "Chicago USA"]
[Date "2006.01.11"]
[Round "5"]
[White "Blehm,P"]
[Black "Goletiani,R"]
[Result "1/2-1/2"]
[WhiteElo "2520"]
[BlackElo "2378"]

1.e4 c5 2.Nf3 e6 3.d4 cxd4 4.Nxd4 a6 5.Nc3 Qc7 6.Bd3 Bd6 7.Be3 Nf6 8.h3 Nc6
9.Nde2 Be7 10.f4 d6 11.g4 b5 12.Ng3 d5 13.exd5 b4 14.g5 bxc3 15.gxf6 cxb2
16.Rb1 Bb4+ 17.Kf1 g5 18.dxc6 gxf4 19.Rxb2 fxe3 20.Rxb4 Qxg3 21.Qe2 Qe5 22.Qf3 Qa1+
23.Kg2 Qc3 24.Rc4 Qd2+ 25.Qe2 e5 26.Qxd2 exd2 27.Rd1 Be6 28.Rc5 e4 29.Bxe4 O-O-O
30.c7 Rd4 31.Bd3 Kb7 32.Rxd2 Kb6 33.Rc3 Rc8 34.Rd1 Bxa2 35.Ra1 Ra4 36.Kg3 h6
37.Bf5 Rxc7 38.Rxc7 Kxc7 39.Be6 Bb3 40.Re1 Bxe6 41.Rxe6 Rc4 42.Rxa6 Rxc2
43.Ra5 Rc6 44.Rh5  1/2-1/2